| 000 | 00352nam a22001217a 4500 | ||
|---|---|---|---|
| 999 |
_c5231 _d5231 |
||
| 008 | 250827b ||||| |||| 00| 0 eng d | ||
| 020 | _a9781447279785 | ||
| 082 | _a823.92 GRI | ||
| 100 |
_aGRIFFITHS,ANDY _eAUTHOR _lENGLISH |
||
| 245 | _aTHE 13-STOREY TREEHOUSE | ||
| 260 |
_a2O NEW WHARF ROAD,LONDON N1 9RR _bMACMILLAN CHILDREN'S BOOK _c2011 |
||
| 942 | _2ddc | ||